000 00294nam a22001337a 4500
008 181029b xxu||||| |||| 00| 0 eng d
020 _a2740233722888
041 _aeng
080 _25 ED
_a336
100 _a57
101 _aFIN
245 _aHealth Finance
_cGapenaski.L.C
942 _2udc
_cBK
999 _c50997
_d50997